[Event "Olympiad Women 2024"]
[Site "Budapest HUN"]
[Date "2024.09.18"]
[Round "7.23"]
[Board "2"]
[White "Tolibova, Dilola"]
[Black "Mrvova, Alena"]
[Result "1-0"]
[WhiteElo "1831"]
[BlackElo "2121"]
[PlyCount "83"]
[EventDate "2024.09.11"]
[WhiteTeam "Tajikistan"]
[BlackTeam "Slovakia"]
[WhiteTeamCountry "TJK"]
[BlackTeamCountry "SVK"]

1. d4 d5 2. Nf3 Nf6 3. Bf4 c5 4. e3 Nc6 5. Nc3 Qb6 ({RR} 5... Bg4 6. Be2 e6 7. O-O Bxf3 8. Bxf3 cxd4 9. exd4 Bd6 10. Bg5 Be7 11. Ne2 O-O 12. c3 Nd7 13. Bxe7 Qxe7 14. a4 a6 15. a5 Qd8 16. Qa4 Qc7 17. Nc1 b5 18. axb6 Nxb6 19. Qd1 e5 20. dxe5 {½-½ Torre,E (2491)-So,W (2658) PHI-ch Manila 2011 (9)}) 6. Nb5 e5 7. dxe5 ({RR} 7. Nxe5 c4 8. Nxc4 dxc4 9. Nc7+ Kd7 10. Nxa8 Qxb2 11. Rb1 Bb4+ 12. Ke2 Qc3 13. Nc7 Re8 14. Nb5 Nd5 15. Nxc3 Nxc3+ 16. Kf3 Nxd1 17. Rxd1 f6 18. Bxc4 g5 19. Bg3 h5 20. h3 Na5 21. Bb5+ Nc6 {1-0 Ladan,N (2110)-Castellanos Hernandez,E (1942) Titled Tuesday intern op 05th Jul Early blitz 2022 (2)}) 7... a6 $146 ({RR} 7... Ne4 8. Qxd5 Bf5 9. Bc4 Bg6 10. e6 Rd8 11. exf7+ Ke7 12. Qe6# {1-0 Sailer,M (2109)-Zanette,E (2157) Titled Tuesday intern op 14th Sept blitz 2021 (3)}) 8. exf6 axb5 9. Qxd5 Be6 10. Qg5 g6 11. Bd3 O-O-O 12. O-O h6 13. Qh4 Rg8 14. Qg3 g5 15. Ne1 gxf4 16. Qxg8 fxe3 17. fxe3 Ne5 18. Qg3 Bd6 19. Bf5 Bxf5 20. Rxf5 Ng6 21. Qg4 Kb8 22. Nf3 Bc7 23. a4 c4 24. Rxb5 Qxe3+ 25. Kh1 Nf4 26. Re1 Qf2 27. Qg3 Qxc2 28. Ne5 Qd2 29. Nc6+ Ka8 30. Nxd8 Nd3 31. Qe3 Nf2+ 32. Kg1 Bxh2+ 33. Kf1 Qd3+ 34. Qxd3 Nxd3 35. Re8 Ka7 36. Rxb7+ Ka6 37. Rxf7 Nxb2 38. Re6+ Ka5 39. Rb7 Nxa4 40. Ra7+ Kb4 41. Rxa4+ Kxa4 42. f7 1-0

[Event "Olympiad Women 2024"]
[Site "Budapest HUN"]
[Date "2024.09.18"]
[Round "7.23"]
[Board "3"]
[White "Bochnickova, Simona"]
[Black "Mashabova, Shukrona"]
[Result "1-0"]
[WhiteElo "2138"]
[BlackElo "1711"]
[PlyCount "77"]
[EventDate "2024.09.11"]
[WhiteTeam "Slovakia"]
[BlackTeam "Tajikistan"]
[WhiteTeamCountry "SVK"]
[BlackTeamCountry "TJK"]

1. e4 e5 2. Nf3 Nc6 3. d4 exd4 4. Nxd4 Nxd4 5. Qxd4 d6 6. Nc3 Nf6 7. Bg5 Be7 8. O-O-O O-O 9. e5 Ng4 10. Bxe7 Qxe7 11. exd6 Qxd6 12. Qxd6 cxd6 13. Rd2 Be6 ({RR} 13... Rd8 14. h3 Nf6 15. Be2 a6 16. Rhd1 Kf8 17. Rxd6 Rxd6 18. Rxd6 Ke7 19. Rd2 Be6 20. Bf3 Rb8 21. b3 b5 22. a3 Rc8 23. Kb2 Rb8 24. Ne2 Rd8 25. Rxd8 Kxd8 26. Bb7 Bc8 27. Bxc8 Kxc8 28. c3 {1-0 Luethke,H (2091)-Ranki,M (1914) WchT Seniors 65 2020 (3.11)}) 14. h3 Nf6 15. Be2 Rfd8 16. Rhd1 $146 ({RR} 16. Bf3 Rd7 17. Rhd1 Rad8 18. Nb5 Ne8 19. Nd4 a6 20. b3 d5 21. a4 Nc7 22. Be2 Rb8 23. f4 Rd6 24. f5 Bd7 25. g4 b5 26. axb5 Nxb5 27. Bxb5 Bxb5 28. Re1 Kf8 29. h4 g6 30. g5 gxf5 {1-0 Ferreira,S (1656)-Santos,I (1788) POR-ch (Women) 2014 (6)}) 16... d5 17. Bf3 a6 18. Nxd5 Nxd5 19. Bxd5 Bxd5 20. Rxd5 Rxd5 21. Rxd5 Kf8 22. Rd7 Rb8 23. Kd2 Ke8 24. Rc7 Rd8+ 25. Kc3 Rd7 26. Rxd7 Kxd7 27. Kd4 Kd6 28. c4 a5 29. b3 Kc6 30. a3 b6 31. b4 axb4 32. axb4 Kd6 33. c5+ bxc5+ 34. bxc5+ Kc6 35. g4 f6 36. f4 g5 37. f5 Kc7 38. Kd5 Kd7 39. c6+ 1-0

[Event "Olympiad Women 2024"]
[Site "Budapest HUN"]
[Date "2024.09.18"]
[Round "7.23"]
[Board "4"]
[White "Odinaeva, Saodat"]
[Black "Walter, Ema"]
[Result "0-1"]
[WhiteElo "1936"]
[BlackElo "2055"]
[PlyCount "94"]
[EventDate "2024.09.11"]
[WhiteTeam "Tajikistan"]
[BlackTeam "Slovakia"]
[WhiteTeamCountry "TJK"]
[BlackTeamCountry "SVK"]

1. d4 Nf6 2. Nf3 e6 3. c4 d5 4. e3 Be7 5. Nc3 b6 6. cxd5 exd5 7. Be2 ({RR} 7. Bb5+ c6 8. Bd3 O-O 9. O-O Ba6 10. Ne5 Bxd3 11. Qxd3 Re8 12. f4 Nfd7 13. Bd2 Nf8 14. Rae1 f6 15. Nf3 b5 16. a3 Na6 17. e4 dxe4 18. Nxe4 Nc7 19. f5 Qd7 20. Qc2 Nd5 21. Nc5 Bxc5 {½-½ Pajeken,J (2423)-Volkov,M (2340) Titled Tue 9th Apr Early 2024 (9)}) 7... O-O 8. O-O Bf5 $146 ({RR} 8... Re8 9. b3 Bb7 10. Bb2 Nbd7 11. Rc1 c6 12. Bd3 Bd6 13. Ne2 Nf8 14. Ne5 Rc8 15. Ng3 a6 16. Qe2 a5 17. f4 c5 18. Bb5 Re7 19. Nf5 Rec7 20. dxc5 Bxc5 21. Rcd1 Ne4 22. h4 Ng6 23. h5 {1-0 Kozakov,M (2513)-Ferrufino,B (1919) Titled Tue 29th Aug Late 2023 (5)}) ({RR} 8... c5 9. Ne5 Bb7 10. b3 Nc6 11. Nxc6 Bxc6 12. Bb2 Qd7 13. Bf3 Rfd8 14. Rc1 h6 15. Ne2 Ne4 16. Nf4 Rac8 17. Nd3 Bb7 18. Bg4 f5 19. Ne5 Qe6 20. Bh5 Nd6 21. Re1 Bf6 22. Ng6 c4 23. Nf4 {½-½ Pogonina,N (2474)-Houska,J (2381) EU-Cup Online Gr-C (Women) rapid 2020 (4.3)}) ({RR} 8... c5 9. b3 Bb7 10. Bb2 Nbd7 11. Ne5 a6 12. Rc1 Bd6 13. Nxd7 Nxd7 14. Bf3 cxd4 15. Qxd4 Be5 16. Qd1 Nc5 17. Ba3 Ne4 18. Bxe4 dxe4 19. Bxf8 Qxf8 20. Qd7 Qb8 21. g3 a5 22. Rfd1 h5 23. Nd5 {1-0 Tinsley,S-Mueller,O Match Tinsley-Mueller +7-0 =3 1891 (4)}) ({RR} 8... Bb7 9. b3 Nbd7 10. Bb2 a6 11. Rc1 Rc8 12. Re1 c5 13. Ba3 Re8 14. Bd3 Ne4 15. Nd2 Nxc3 16. Rxc3 g6 17. Nf3 Bf6 18. Rc2 Rc7 19. Qd2 Qa8 20. Rec1 Rec8 21. Be2 Bg7 22. Ne1 Bf8 23. Bg4 {1-0 Zohr,A (1721)-Neumann,E (2055) Bad Woerishofen Seniors op 19th 2003 (8)}) 9. Nh4 Be6 10. Nf3 Nbd7 11. b3 h6 12. Bb2 Re8 13. Rc1 c6 14. Bd3 Bg4 15. h3 Bh5 16. e4 Nf8 17. e5 N6h7 18. Be2 Rc8 19. Re1 Ne6 20. g3 Qd7 21. Kg2 Red8 22. a3 c5 23. Bb5 Qb7 24. Ne2 Bxf3+ 25. Kxf3 cxd4 26. Rxc8 Rxc8 27. Bd3 Qd7 28. Kg2 Nhg5 29. h4 Nh7 30. Bf5 Nhf8 31. Nxd4 Bc5 32. b4 Bxd4 33. Bxd4 Nf4+ 34. gxf4 Qxf5 35. Qf3 Ng6 36. Kh1 Nxh4 37. Qg3 Ng6 38. Be3 Rc3 39. a4 d4 40. Rc1 Qe4+ 41. Kh2 Rxc1 42. Bxc1 Qc2 43. Qg1 d3 44. Qe1 Qe2 45. Qd2 Nh4 46. Qe3 Nf3+ 47. Kg3 Qxe3 0-1

[Event "Olympiad Women 2024"]
[Site "Budapest HUN"]
[Date "2024.09.18"]
[Round "7.24"]
[Board "1"]
[White "Dolgova, Olga"]
[Black "Sanudula, K M Dahamdi"]
[Result "0-1"]
[WhiteElo "2171"]
[BlackElo "2023"]
[PlyCount "136"]
[EventDate "2024.09.11"]
[WhiteTeam "Norway"]
[BlackTeam "Sri Lanka"]
[WhiteTeamCountry "NOR"]
[BlackTeamCountry "SRI"]

1. d4 Nf6 2. Bf4 d5 3. e3 e6 4. Nf3 c5 5. Nbd2 Nc6 6. c3 cxd4 7. exd4 Nh5 8. Be3 Bd6 9. g3 f6 10. Bg2 O-O 11. O-O g6 12. Nb3 Ng7 13. Re1 Ne7 $146 ({RR} 13... e5 14. dxe5 Bxe5 15. Nxe5 fxe5 16. Qxd5+ Qxd5 17. Bxd5+ Kh8 18. Bc5 Re8 19. Bf7 Rd8 20. Rad1 Bf5 21. Rd6 Rxd6 22. Bxd6 Rd8 23. Bxe5 Nxe5 24. Rxe5 Rd1+ 25. Kg2 Rb1 26. Re2 {1-0 Gubajdullin,A (2331)-Glavina,P (2394) Titled Tuesday intern op 21st Jun Early blitz 2022 (1)}) 14. Bh6 Nef5 15. Bd2 Re8 16. g4 Ne7 17. g5 f5 18. Nc1 Nc6 19. Nd3 Qc7 20. Nfe5 Nxe5 21. Nxe5 b5 22. a4 Ba6 23. Bf1 Qb7 24. a5 Re7 25. Qf3 Rb8 26. b4 Bxe5 27. Rxe5 Qd7 28. Rae1 Bb7 29. Qg3 Rc8 30. Qe3 a6 31. Bd3 Kf7 32. h4 Rd8 33. Qh3 Rg8 34. Be2 Ne8 35. h5 Nd6 36. f3 Ke8 37. Bd3 Kd8 38. R5e2 Qe8 39. Qg3 Kd7 40. hxg6 Rxg6 41. Rg2 Reg7 42. Kf2 h6 43. Bf4 Qe7 44. Be5 Rg8 45. Bf6 Qf7 46. Qh4 hxg5 47. Bxg5 Ne4+ 48. Bxe4 dxe4 49. Reg1 exf3 50. Rg3 e5 51. Bd2 Qc4 52. Qh7+ R8g7 53. Qxg7+ Rxg7 54. Rxg7+ Ke6 55. Re1 Qd3 56. Rxe5+ Kf6 57. Rxb7 Qxd2+ 58. Kxf3 Qxc3+ 59. Ke2 Qxd4 60. Ree7 Qxb4 61. Rf7+ Kg5 62. Rg7+ Kf4 63. Ra7 Qxa5 64. Rg6 Qa2+ 65. Kd1 Qd5+ 66. Ke1 Qe4+ 67. Kf1 Qf3+ 68. Ke1 Qe3+ 0-1

[Event "Olympiad Women 2024"]
[Site "Budapest HUN"]
[Date "2024.09.18"]
[Round "7.24"]
[Board "2"]
[White "Tharushi, T H D Niklesha"]
[Black "Koskela, Niina"]
[Result "0-1"]
[WhiteElo "1852"]
[BlackElo "2173"]
[PlyCount "136"]
[EventDate "2024.09.11"]
[WhiteTeam "Sri Lanka"]
[BlackTeam "Norway"]
[WhiteTeamCountry "SRI"]
[BlackTeamCountry "NOR"]

1. d4 Nf6 2. c4 e6 3. Nc3 Bb4 4. e3 d5 5. a3 Be7 6. Nf3 O-O 7. Bd3 Nbd7 ({RR} 7... b6 8. cxd5 exd5 9. O-O Bb7 10. b4 c6 11. Qb3 Nbd7 12. Rd1 Bd6 13. e4 dxe4 14. Nxe4 Nxe4 15. Bxe4 Nf6 16. Bg5 h6 17. Bxf6 Qxf6 18. b5 Rac8 19. Rac1 Bf4 20. Rc3 Rfe8 21. Qc2 Qe7 22. Bxc6 {½-½ So,W (2760)-Abdusattorov,N (2713) chess.com SpeedChess 2022 (1.33)}) 8. c5 $146 ({RR} 8. O-O c5 9. cxd5 exd5 10. Ne5 c4 11. Bc2 Nb6 12. f4 Bd6 13. Qf3 Bd7 14. Bd2 Qc8 15. Be1 Bg4 16. Nxg4 Qxg4 17. h3 Qxf3 18. gxf3 Rad8 19. Bd2 Bb8 20. Kf2 Nc8 21. Rg1 Ne7 22. Rg5 Ne8 {1-0 Stolberg,M-Ragozin,V URS-ch12 Final 1940 (16)}) ({RR} 8. O-O c5 9. cxd5 Nxd5 10. Nxd5 exd5 11. dxc5 Nxc5 12. Bc2 Bf6 13. Rb1 a5 14. b4 axb4 15. axb4 Ne4 16. Bb2 Bxb2 17. Rxb2 Qf6 18. Qd4 Qxd4 19. Nxd4 Nd2 20. Bxh7+ Kxh7 21. Rxd2 Ra4 22. b5 Rb4 {1-0 Sarana,A (2713)-Noy,E (2216) Titled Tue 10th Sep Early 2024 (9)}) ({RR} 8. O-O c5 9. cxd5 exd5 10. dxc5 Nxc5 11. b4 Nce4 12. Bb2 Bg4 13. Be2 a5 14. b5 Rc8 15. Na4 Nd6 16. Bd4 Nc4 17. Bxc4 dxc4 18. Nb6 Rc7 19. Qa4 Ne4 20. Ne5 Nc5 21. Qxc4 Be6 22. Qe2 f6 {½-½ Andric,D-Nedeljkovic,S YUG-ch06 Ljubljana 1951 (14)}) ({RR} 8. b3 c5 9. O-O b6 10. cxd5 exd5 11. Ne5 Bb7 12. f4 Bd6 13. Qf3 a6 14. Bb2 Ra7 15. Bc2 Ba8 16. g4 Rc7 17. g5 Ne8 18. Qh3 g6 19. Qh6 cxd4 20. exd4 Nxe5 21. fxe5 Be7 22. Rf6 Qc8 {1-0 Rabar,B-Janosevic,D YUG-ch06 Ljubljana 1951 (19)}) 8... c6 9. b4 b6 10. O-O a5 11. Bb2 Ba6 12. Bxa6 Rxa6 13. b5 cxb5 14. c6 Nb8 15. Ne5 b4 16. Nb5 Ne8 17. Rc1 bxa3 18. Ba1 Nc7 19. Qd3 Nxb5 20. Qxb5 Ra7 21. Rb1 f6 22. Nd3 Bd6 23. Qxb6 Qxb6 24. Rxb6 Rc7 25. Bc3 Rxc6 26. Bxa5 Rxb6 27. Bxb6 Nd7 28. Bc5 Bxc5 29. dxc5 Rb8 30. c6 Ne5 31. Nxe5 fxe5 32. g3 a2 33. c7 Rc8 34. Ra1 Rxc7 35. Rxa2 Kf7 36. Kg2 Kf6 37. Kf3 h5 38. h4 e4+ 39. Kg2 Kf5 40. Ra8 Rd7 41. Rh8 Kg6 42. Re8 Kf6 43. Rf8+ Ke5 44. Rg8 Rf7 45. Rd8 Kf6 46. Ra8 g6 47. Ra6 Rd7 48. Ra4 e5 49. Ra6+ Kf5 50. Ra8 d4 51. exd4 exd4 52. Ra5+ Ke6 53. Kf1 Rd5 54. Ra8 Rc5 55. Re8+ Kd5 56. Rd8+ Kc4 57. Ke2 Kc3 58. Rd6 Ra5 59. Rc6+ Kb4 60. Re6 Ra2+ 61. Kf1 Kc3 62. Rxe4 d3 63. f3 Ra1+ 64. Kf2 d2 65. Re3+ Kc4 66. Re4+ Kc5 67. Re5+ Kc6 68. Re6+ Kd7 0-1

[Event "Olympiad Women 2024"]
[Site "Budapest HUN"]
[Date "2024.09.18"]
[Round "7.24"]
[Board "3"]
[White "Stanford, Sheila Barth"]
[Black "Pallie, Ehsha Mishela"]
[Result "1-0"]
[WhiteElo "2175"]
[BlackElo "1767"]
[PlyCount "121"]
[EventDate "2024.09.11"]
[WhiteTeam "Norway"]
[BlackTeam "Sri Lanka"]
[WhiteTeamCountry "NOR"]
[BlackTeamCountry "SRI"]

1. d4 Nf6 2. c4 e6 3. g3 d5 4. Bg2 Be7 5. Nf3 dxc4 6. O-O c5 ({RR} 6... a6 7. Ne5 Nbd7 8. Nxc4 O-O 9. Nc3 c6 10. a4 Nb6 11. Ne5 Nbd7 12. Nd3 a5 13. e4 b6 14. f4 Ba6 15. Be3 Rc8 16. Rc1 c5 17. e5 cxd4 18. Bxd4 Nb8 19. Ne2 Rxc1 20. Ndxc1 Nd5 21. Qb3 {1-0 Nyback,T (2579)-Kanep,M (2523) EST-FIN m Tallinn 2008 (1)}) 7. dxc5 Qxd1 8. Rxd1 Bxc5 9. Ne5 $146 ({RR} 9. Nbd2 c3 10. bxc3 Nc6 11. Nb3 Be7 12. c4 Bd7 13. Bb2 Rc8 14. Rac1 Nb4 15. Ne5 Bc6 16. Nxc6 Nxc6 17. c5 O-O 18. Bxf6 Bxf6 19. Rd7 b6 20. Bxc6 Rxc6 21. Rxa7 bxc5 22. Rxc5 Rxc5 23. Nxc5 Bd4 {1-0 D'Arruda,R (2271)-Rose,F (2091) Titled Tue 6th Dec Late 2022 (11)}) ({RR} 9. Nbd2 Bd7 10. a4 Nc6 11. Nxc4 Nd5 12. e4 Ndb4 13. Bf4 Nc2 14. Rac1 N2d4 15. Nd6+ Bxd6 16. Bxd6 Ne2+ 17. Kf1 Nxc1 18. Rxc1 Rc8 19. b4 f6 20. Rd1 e5 21. b5 Ne7 22. Ne1 Be6 23. f4 Kf7 {0-1 Shapiro,D (2284)-Shymanskyi,O (2284) Titled Tue 16th Jul Early 2024 (9)}) 9... O-O 10. Nc3 h6 11. a3 Nfd7 12. Nxc4 Nc6 13. b4 Be7 14. Ra2 Nde5 15. Nxe5 Nxe5 16. f4 Nc4 17. Rc2 Nb6 18. Be3 Nc4 19. Bc1 Nb6 20. e4 a5 21. b5 Nc4 22. Bf1 Bc5+ 23. Kh1 Ne3 24. Bxe3 Bxe3 25. Rd3 Ba7 26. e5 f6 27. Bg2 Bb8 28. Na4 Ba7 29. Rcd2 fxe5 30. b6 Bb8 31. Rd8 exf4 32. Rxf8+ Kxf8 33. Rd8+ Ke7 34. Rxc8 fxg3 35. Bxb7 gxh2 36. Bxa8 Bf4 37. b7 g5 38. b8=Q Bxb8 39. Rxb8 Kf6 40. Kxh2 Kf5 41. Kg3 h5 42. Rf8+ Ke5 43. Bf3 g4 44. Bd1 Kd4 45. Ra8 e5 46. Rxa5 e4 47. Rxh5 e3 48. Nc3 Kxc3 49. Bxg4 Kd2 50. a4 e2 51. Bxe2 Kxe2 52. a5 Kd3 53. a6 Ke4 54. a7 Kd4 55. a8=Q Kc4 56. Qa4+ Kc3 57. Rf5 Kd2 58. Rf3 Ke2 59. Qa2+ Ke1 60. Rb3 Kd1 61. Rb1# 1-0

[Event "Olympiad Women 2024"]
[Site "Budapest HUN"]
[Date "2024.09.18"]
[Round "7.24"]
[Board "4"]
[White "Gunawardhana, Devindya Oshini"]
[Black "Machlik, Monika"]
[Result "1-0"]
[WhiteElo "1956"]
[BlackElo "2109"]
[PlyCount "127"]
[EventDate "2024.09.11"]
[WhiteTeam "Sri Lanka"]
[BlackTeam "Norway"]
[WhiteTeamCountry "SRI"]
[BlackTeamCountry "NOR"]

1. e4 c6 2. Nc3 d5 3. Nf3 dxe4 4. Nxe4 Nf6 5. Qe2 Nxe4 6. Qxe4 Nd7 7. d4 Nf6 8. Qf4 Nd5 9. Qd2 Bf5 10. Bd3 Bxd3 11. Qxd3 e6 12. O-O Be7 13. c4 Nf6 14. Bf4 ({RR} 14. Rd1 O-O 15. Be3 Qc7 16. Rac1 Rfd8 17. Qb3 c5 18. d5 exd5 19. cxd5 b6 20. Bg5 Ng4 21. Bxe7 Qxe7 22. Re1 Qd6 23. Rcd1 Nf6 24. Re2 Re8 25. Rxe8+ Rxe8 26. Qa4 Re7 27. Qc6 Rd7 28. Qa8+ Qf8 {½-½ Mijatovic,D (2141)-Apoorv Kamble (2269) Serbia Open 2024 (7.41)}) 14... O-O 15. Rad1 Qa5 $146 ({RR} 15... Qb6 16. Qe2 Rad8 17. Rfe1 Rfe8 18. Ne5 c5 19. dxc5 Bxc5 20. Bg5 Be7 21. b3 Qc7 22. h3 Rxd1 23. Rxd1 Rd8 24. Rxd8+ Qxd8 25. Ng4 Nxg4 26. Bxe7 Qxe7 27. Qxg4 g6 28. Qd4 b6 29. g3 Qa3 30. Qd8+ {½-½ Gavrilescu,D (2525)-Moranda,W (2636) Olympiad-44 Chennai 2022 (4.4)}) ({RR} 15... Qb6 16. Qe2 Rad8 17. Rd3 Qa6 18. b3 Qa5 19. h3 Qf5 20. Bc7 Rd7 21. g4 Qxd3 22. Qxd3 Rxc7 23. Qe3 Rd8 24. Rd1 h6 25. h4 Nh7 26. g5 hxg5 27. hxg5 g6 28. Kg2 Bf8 29. Qf4 Re7 30. Rh1 {1-0 Gavrilescu,D (2535)-Stoleriu,G (2390) Grand Prix Bucharest 2023 (9.11)}) ({RR} 15... c5 16. Qe2 cxd4 17. Nxd4 Qa5 18. Qe5 Qxa2 19. Qb5 Rac8 20. Qxb7 Bc5 21. Qb3 Qxb3 22. Nxb3 Be7 23. Nd2 Bb4 24. b3 Rfd8 25. Nf3 Ne4 26. Rxd8+ Rxd8 27. Be3 a5 28. Ne5 Rc8 29. Rd1 f6 30. Nd7 {1-0 Paravyan,D (2612)-Samunenkov,I (2531) Titled Tue 28th Nov Early 2023 (6)}) 16. a3 b5 17. Ne5 Rac8 18. Rc1 Qa6 19. Bg5 Qb7 20. Qb3 Rfd8 21. Rfd1 h6 22. Bf4 Qb6 23. Be3 Qb7 24. Rd3 Ne4 25. f3 Nd6 26. Rdc3 Bf6 27. Ng4 Be7 28. Ne5 Bf6 29. Ng4 Nf5 30. Nxf6+ gxf6 31. Bf2 Qd7 32. cxb5 cxb5 33. Rxc8 Rxc8 34. Rxc8+ Qxc8 35. g4 Nd6 36. Qb4 Qc6 37. Qc5 Qd7 38. b3 f5 39. Bg3 Ne8 40. gxf5 exf5 41. d5 Nf6 42. d6 Ne8 43. Kf2 f6 44. Bf4 h5 45. Qd5+ Kh7 46. Qc5 Kg6 47. h3 Kf7 48. Kg3 Ke6 49. Kh4 Kf7 50. Kxh5 Ng7+ 51. Kh4 Ne8 52. Kg3 Kg6 53. Kf2 Kg7 54. h4 Kg6 55. Qe3 Nxd6 56. Qd2 Qe6 57. Qxd6 Qxb3 58. Qe7 Qa2+ 59. Kg3 Qg8 60. Qxa7 Kh5+ 61. Kh3 Kg6 62. Qg1+ Kh5 63. Qxg8 b4 64. Qh7# 1-0

[Event "Olympiad Women 2024"]
[Site "Budapest HUN"]
[Date "2024.09.18"]
[Round "7.25"]
[Board "1"]
[White "Efroimski, Marsel"]
[Black "Rouda Essa, Alserkal"]
[Result "1-0"]
[WhiteElo "2408"]
[BlackElo "2036"]
[PlyCount "105"]
[EventDate "2024.09.11"]
[WhiteTeam "Israel"]
[BlackTeam "United Arab Emirates"]
[WhiteTeamCountry "ISR"]
[BlackTeamCountry "UAE"]

1. Nf3 c5 2. e4 Nc6 3. Nc3 e5 4. Bc4 d6 5. d3 h6 6. Nd2 g6 7. Nf1 Bg7 8. Be3 $146 ({RR} 8. h4 Nf6 9. Ne3 a6 10. a3 b5 11. Ba2 Be6 12. Ncd5 h5 13. c3 Ne7 14. Nxf6+ Bxf6 15. Qf3 Bg7 16. Bxe6 fxe6 17. a4 Kd7 18. Qh3 Qf8 19. O-O Qf7 20. Nc2 Nc6 21. f4 Raf8 22. Be3 exf4 {1-0 Bratanov,Z (2310)-Petrov,M (2405) BUL-ch Shumen 1997 (7)}) ({RR} 8. Ne3 Nf6 9. h4 Rb8 10. Bd2 Nd4 11. a4 O-O 12. Ncd5 Nxd5 13. Bxd5 Kh8 14. h5 f5 15. c3 f4 16. Nc4 Qg5 17. Kf1 Ne6 18. Nxd6 Bd7 19. hxg6 Qxg6 20. Qh5 Qxh5 21. Rxh5 Nc7 22. c4 Kh7 {1-0 Kamsky,G (2658)-Studer,N (2581) Biel 54th 2021 (1)}) ({RR} 8. a4 Nge7 9. Ne3 O-O 10. Ncd5 Nxd5 11. Bxd5 Ne7 12. Ba2 Kh7 13. O-O g5 14. c3 f5 15. exf5 Nxf5 16. Nxf5 Bxf5 17. d4 exd4 18. cxd4 Bxd4 19. Bd5 Qd7 20. a5 Rae8 21. Ra3 Re5 22. Qb3 Bg6 {0-1 Fiol,F (2271)-Helmer,J (2212) Titled Tue 20th Feb Late 2024 (9)}) ({RR} 8. Ne3 Nge7 9. O-O O-O 10. Kh1 Kh7 11. Ned5 Nxd5 12. Bxd5 f5 13. exf5 Bxf5 14. Be3 Qd7 15. Qd2 Ne7 16. Bb3 b6 17. Nd5 Be6 18. Nxe7 Qxe7 19. f4 Bxb3 20. axb3 Rae8 21. h3 a5 22. Rae1 d5 {0-1 Boudre,J (2360)-Santo Roman,M (2418) Saint Affrique op 08th  2000 (5)}) ({RR} 8. Ne3 Be6 9. a3 a6 10. Ncd5 b5 11. Ba2 Nce7 12. c3 Nf6 13. Nxf6+ Bxf6 14. O-O Bxa2 15. Rxa2 Bg7 16. a4 O-O 17. Qb3 Qd7 18. Bd2 Qe6 19. Qxe6 fxe6 20. Rfa1 Rab8 21. axb5 axb5 22. Ra6 Rfd8 {1-0 Swati,G (2330)-Brown,A (2085) Doeberl Cup 47th 2009 (4)}) 8... Nf6 9. h3 Rb8 10. Qd2 Nd4 11. a4 b6 12. Ng3 O-O 13. Nb5 Nxb5 14. axb5 Kh7 15. Rxa7 d5 16. exd5 Nxd5 17. h4 Nxe3 18. Qxe3 Bd7 19. h5 g5 20. Qe4+ Kh8 21. Qd5 Be6 22. Qxd8 Rfxd8 23. Bxe6 fxe6 24. Ne4 Ra8 25. Rxa8 Rxa8 26. Kd2 Kg8 27. b3 Ra5 28. c4 Ra2+ 29. Kc3 Kf7 30. Rc1 Bf8 31. Rc2 Ra8 32. Re2 Ra7 33. Kb2 Rd7 34. Kc2 Ra7 35. Nc3 Bd6 36. Na4 Rb7 37. Kd2 Kf6 38. f3 Kf7 39. Ke3 Bc7 40. Ra2 Bb8 41. Nc3 Ke7 42. Ra6 Ba7 43. Ke4 Kf6 44. Na4 g4 45. fxg4 Kg5 46. Kxe5 Kxg4 47. Kd6 Kxh5 48. Kc6 Rg7 49. Nxb6 Bxb6 50. Kxb6 Rxg2 51. Kxc5 Rg8 52. Rxe6 Rc8+ 53. Kb4 1-0

[Event "Olympiad Women 2024"]
[Site "Budapest HUN"]
[Date "2024.09.18"]
[Round "7.25"]
[Board "2"]
[White "Al Maamari, Wafia Darwish"]
[Black "Klinova, Masha"]
[Result "1/2-1/2"]
[WhiteElo "1908"]
[BlackElo "2227"]
[PlyCount "73"]
[EventDate "2024.09.11"]
[WhiteTeam "United Arab Emirates"]
[BlackTeam "Israel"]
[WhiteTeamCountry "UAE"]
[BlackTeamCountry "ISR"]

1. Nf3 g6 2. e4 Bg7 3. d4 d6 4. Nc3 Nf6 5. Be2 O-O 6. O-O Nc6 7. h3 e5 8. dxe5 Nxe5 9. Nxe5 dxe5 10. Qd4 $146 Qd7 11. Qxd7 Re8 12. Qd8 Rxd8 13. Bg5 ({RR} 13. Be3 c6 14. Rad1 Rxd1 15. Rxd1 Be6 {½-½ Hort,V-Bronstein,D Krems 1967}) ({RR} 13. Bc4 c6 14. a4 Rd4 15. b3 Nxe4 16. Nxe4 Rxe4 17. Be3 Bf5 18. g4 Rxc4 19. bxc4 Bxc2 20. Rfc1 e4 21. Ra2 Bd3 22. a5 a6 23. Ra4 Rd8 24. Rb4 Rd7 25. c5 Be5 26. g5 Kf8 27. Rd1 Ke7 {0-1 Quesada Perez,Y (2627)-Chandra,A (2510) Titled Tuesday intern op 2nd Jan blitz 2018 (10)}) ({RR} 13. Be3 Be6 14. Rfd1 a6 15. a4 Bf8 16. Bg5 Kg7 17. a5 Bc5 18. Bxf6+ Kxf6 19. Nd5+ Bxd5 20. exd5 e4 {½-½ Kaplan,J-Hort,V Christmas Congress 1967/68-43 Premier (7)}) 13... c6 14. Rad1 ({RR} 14. a4 h6 15. Be3 Be6 16. Rad1 b6 17. Kh2 Bf8 18. g3 Kh7 19. f4 exf4 20. gxf4 Bb4 21. Bf3 Bc4 22. Rg1 Rac8 23. Rxd8 Rxd8 24. Rd1 Rxd1 25. Nxd1 Kg7 26. b3 Be6 27. c4 Nd7 28. e5 Nb8 {0-1 Zhakshylykov,E (2327)-Altynbekuly,M (2114) FIDE World Bl Team Pool D 2024 (4.8)}) 14... Be6 15. a4 b6 16. b3 h6 17. Be3 Bf8 18. f3 Kg7 19. Rxd8 Rxd8 20. Rd1 Rxd1+ 21. Bxd1 Nd7 22. a5 h5 23. axb6 axb6 24. Kf2 Bc5 25. Bxc5 Nxc5 26. h4 f6 27. Be2 Kf7 28. Ke3 Ke7 29. g4 b5 30. gxh5 gxh5 31. f4 exf4+ 32. Kxf4 Bf7 33. Kf5 Ne6 34. Bd3 Nd4+ 35. Kf4 Ne6+ 36. Kf5 Nd4+ 37. Kf4 1/2-1/2

[Event "Olympiad Women 2024"]
[Site "Budapest HUN"]
[Date "2024.09.18"]
[Round "7.25"]
[Board "3"]
[White "Levitan, Ronit"]
[Black "Anoud Eisa Bashkardi"]
[Result "1-0"]
[WhiteElo "2137"]
[BlackElo "1811"]
[PlyCount "51"]
[EventDate "2024.09.11"]
[WhiteTeam "Israel"]
[BlackTeam "United Arab Emirates"]
[WhiteTeamCountry "ISR"]
[BlackTeamCountry "UAE"]

1. e4 e5 2. Nf3 Nc6 3. Bb5 Nf6 4. O-O Nxe4 5. Re1 Nd6 6. Nxe5 Nxe5 7. Rxe5+ Be7 8. Bf1 O-O 9. d4 Bf6 10. Re1 Re8 11. Bf4 Rxe1 12. Qxe1 Ne8 13. Nc3 Bxd4 14. Nd5 c6 15. Ne7+ Kf8 16. Nxc8 Rxc8 17. Qb4+ c5 18. Qxb7 d5 $146 ({RR} 18... Rc6 19. c3 Bxf2+ 20. Kxf2 Qf6 21. Kg3 g5 22. Be3 Qe5+ 23. Kf2 Rf6+ 24. Ke2 Rb6 25. Qxd7 Nf6 26. Qd2 Ng4 27. Re1 Rxb2 28. Qxb2 Qxe3+ 29. Kd1 Nf2+ 30. Kc2 Qxe1 31. Qb8+ Kg7 32. Bc4 Qd1+ 33. Kb2 {0-1 Dominguez Perez,L (2743)-Kozak,A (2558) Titled Tue 3rd Jan Early 2023 (5)}) ({RR} 18... Rc6 19. c3 Bf6 20. Bb5 Rb6 21. Qxd7 Qxd7 22. Bxd7 Rxb2 23. Re1 Be7 24. Bxe8 Kxe8 25. Bd6 Rb7 26. Bxc5 Kd8 27. Bxe7+ Rxe7 28. Rxe7 Kxe7 29. Kf1 Kd6 30. Ke2 Kc5 31. Kd3 f5 32. f4 a5 33. a3 {1-0 Valiyev,S (2244)-Maatman,N (2397) Titled Tue 23rd Apr Late 2024 (5)}) ({RR} 18... d6 19. c3 Be5 20. Bxe5 dxe5 {½-½ Nguyen Anh Dung (2462)-Mohammad Fahad,R (2414) Hanoi GM December 2023 (8.3)}) 19. Ba6 Ra8 20. Rd1 f6 21. c3 Be5 22. Bxe5 fxe5 23. Rxd5 Qb8 24. Qc6 Nc7 25. Rd7 Nxa6 26. Qf3+ 1-0